banner-ar

LEARN FROM THE MASTERS: CREAT YOUR OUN WATERCOLOURS IN STYLE OF J.M.W TURNER / (Record no. 17213)

MARC details
000 -الفاتح
حقل البيانات ثابتة الطول 00598nam a2200205Ia 4500
008 - عناصر البيانات ثابتة الطول - معلومات عامة
حقل البيانات ثابتة الطول 140319s9999 xx 000 0 eng d
040 ## - مصدر الفهرسة
وكالة الفهرسة الأصلية GCL /
وكالة النسخ GCL
082 04 - رقم تصنيف ديوى العشرى
رقم التصنيف 751.4224
رقم المادة L L
100 1# - المدخل الرئيسى - إسم شخصى
الإسم الشخصى LEONHAARD, ANGELIKA
245 10 - بيان العنوان
العنوان LEARN FROM THE MASTERS: CREAT YOUR OUN WATERCOLOURS IN STYLE OF J.M.W TURNER /
بيان المسئوليه,etc LEONHAARD, ANGELIKA
260 ## - PUBLICATION, DISTRIBUTION, ETC. (IMPRINT)
تاريخ النشر أو التوزيع 1992
300 ## - الوصف المادى
التعداد 80
490 ## - بيان السلسلة
عنوان السلسلة LEARN FROM THE MASRERS CREATE YOUR OWN WATERCOLOUS
رقم المجلد/ التعيين التسلسلي 0
650 04 - المدخل الاضافى بالموضوع-مصطلح موضوعى
مصطلح موضوعي DRAWINGS
650 04 - المدخل الاضافى بالموضوع-مصطلح موضوعى
مصطلح موضوعي ARTS
650 04 - المدخل الاضافى بالموضوع-مصطلح موضوعى
مصطلح موضوعي COLOURS
650 04 - المدخل الاضافى بالموضوع-مصطلح موضوعى
مصطلح موضوعي WATER COLOURS
942 ## - عناصر المدخل الإضافي( كوها)
مصدر التصنيف او مخطط الترفيف Dewey Decimal Classification
Koha [default] item type كتاب
260 ## - PUBLICATION, DISTRIBUTION, ETC. (IMPRINT)
-- [S.N] :
-- SEARCH PRESS ،
Holdings
حالة التراجع حالة الفقد حالة تلف ليس للاعارة المكان المؤقت الموقع الحالى تاريخ الاكتساب اجمالي اﻻعارات رقم الطلب الباركود تاريخ اخر مشاهدة تاريخ تفعيل السعر نوع وعاء كوها
        مكتبة القاهرة الكبرى مكتبة القاهرة الكبرى 03/26/2014   751.4224\L L 31024 03/26/2014 03/26/2014 كتاب

Powered By

EGPV